1280 1104 1679 1079 1021 1006 1180 1290 1795 1493 1249 1258 1824 1375 1090 1594 1730 1305 1441 1667 1457 1325 1916 1862 1364 1928 1603 1818 1201 1759 1209 1663 1051 1349 1352 1957 1689 1447 1898 1315 1663 1875 1428 1692 1887 1922 1803 1035 1551 1348 1400 1713 1586 1694 1468 1745 1251 1396 1312 1308 1537 1295 1814 1194 1716 1269 1847 1205 1141 1917 1909 1740 1281 1839 1222 1793 1377 1100 1419 1557 1838 1250 1808 1117 1355 1557 1696 1423 1432 1571 1408 1414 1452 1977 1809 1005 1359 1330 1712 BCNSPRNW ULIB Ver.6.0+V

เปลี่ยนเป็นภาษาไทย

Change to English
 แสดงรายละเอียดบรรณานุกรม
  กลับหน้าหลัก

Brief Record : Get Marc (ISO 2709) : E-mail record : QR code < ปิดหน้าต่าง
LEADER : 00000nam 2200000uu 4500
001    13399122463
003     ULIB
008    120402s2554||||th 000 0 tha d
020    ^a9786169077114
090    ^aนว.^bก791ท
100 0  ^aแก้วชวาลา
245 00 ^aเทพบุตรซาตาน/^cแก้วชวาลา
250    ^aพิมพ์ครั้งที่ 1
260    ^aกรุงเทพฯ :^bแก้วชวาลา,^c2554
300    ^a392 หน้า
945    ^p279^l0^i19952
995    ^aทศพร
999    ^aใช้งานได้ทุกระบบ
รายการนี้ยังไม่มีแท็ก
คุณยังไม่ได้ล็อกอิน คุณสามารถมีกิจกรรมร่วมกับเว็บไซต์ได้ แต่ต้องล็อกอินก่อน ::
  ล็อกอิน

รายการสื่อสารสนเทศ

ลำดับที่ ประเภท เลขเรียก/บาร์โค้ด สถานที่ สถานะ
1. นวนิยาย
นวนิยาย
นว. ก791ท ฉ.1 
  Barcode: 19952
ห้องสมุดวิทยาเขตสวรรค์ประชารักษ์
►นวนิยาย
บนชั้น
  ขอยืม

รายการใกล้เคียง
    ผู้แต่ง [แก้วชวาลา]

BibComment


ยังไม่เคยถูกคอมเมนท์

คอมเมนท์ทรัพยากรรายการนี้
  คอมเมนท์: เทพบุตรซาตาน แก้..


 Copyright 2026. Bcnsprnw @Library